mysqli: Table './ulib62015/stat_globaluid' is marked as crashed and should be repaired
select id from stat_globaluid where statuid='20260517235047_1144'
mysqli: Table './ulib62015/stat_globaluid' is marked as crashed and should be repaired
DELETE FROM stat_globaluid
WHERE id NOT IN (
SELECT id
FROM (
SELECT id
FROM stat_globaluid
ORDER BY id DESC
LIMIT 100
) foo
);
mysqli: Table './ulib62015/stat_globaluid' is marked as crashed and should be repaired
insert into stat_globaluid set
statuid='20260517235047_1144',
dt='1779036647',
phpself='/ULIB62015/dublinfull.php',
agent='Mozilla/5.0 AppleWebKit/537.36 (KHTML, like Gecko; compatible; ClaudeBot/1.0; +claudebot@anthropic.com)',
yea='2026',
mon='5',
dat='17',
ip='216.73.216.45'
mysqli: Table './ulib62015/stathist_viewbib_bib_type' is marked as crashed and should be repaired
insert into stathist_viewbib_bib_type set
dat='17' ,
mon='05' ,
yea='2026' ,
statuid='20260517235047_1144' ,
head='30249' ,
foot='marc' ,
dt='1779036647'
| LEADER : 01174nam 2200277 a 4500 |
| 008 030417s2004 caua sb 001 0 eng |
| 020 ^a974-05-0074-9 |
| 050 ^a140 |
| 060 ^aพ164ร |
| 082 ^aWC |
| 100 ^aพงษ์ศักดิ์ ชัยศิลป์วัฒนา |
| 245 ^aโรคติดเชื้อที่พบบ่อยของอวัยวะเพศสตรีและช่องคลอด |
| 913 ^aImported by ULIBM Administrator |
| 945 ^p0^l0^i007067
|
| 945 ^p0^l0^i010427
|
| 945 ^p200^l0^i014080 |
| 949 ^aImport form external file by ULIBM system |
| คุณยังไม่ได้ล็อกอิน คุณสามารถมีกิจกรรมร่วมกับเว็บไซต์ได้ แต่ต้องล็อกอินก่อน :: |
|
|
|
| ลำดับที่ |
ประเภท |
เลขเรียก/บาร์โค้ด |
สถานที่ |
สถานะ |
| 1. |
 หนังสือ | WC 140 พ164ร 2004 Barcode: 007067 | หนังสือทั่วไป | บนชั้น ขอยืม |
| 2. |
 หนังสือ | WC 140 พ164ร 2004 ฉ.2 Barcode: 010427 | หนังสือทั่วไป | บนชั้น ขอยืม |
| 3. |
 หนังสือ | WC 140 พ164ร 2004 ฉ.3 Barcode: 014080 | หนังสือทั่วไป | บนชั้น ขอยืม |
รายการใกล้เคียง
ผู้แต่ง [พงษ์ศักดิ์ ชัยศิลป์วัฒนา]
|
|
ยังไม่เคยถูกคอมเมนท์
|
| คอมเมนท์ทรัพยากรรายการนี้ |
|